Munkaterv egy esztendőre Célok a Felszabadulás Tsz.-ben /
Elmentve itt :
| Szerző: | |
|---|---|
| Dokumentumtípus: | Cikk |
| Megjelent: |
1973-03-07
|
| Sorozat: | Délmagyarország
63 No. 55 |
| Kulcsszavak: | Felszabadulás Tsz., Mezőgazdasági termelés Szeged és környéke 1973 |
| Online Access: | http://dmarchiv.bibl.u-szeged.hu/68581 |
| LEADER | 00552nab a2200157 i 4500 | ||
|---|---|---|---|
| 001 | delm68581 | ||
| 005 | 20180927153634.0 | ||
| 008 | 180927s1973 hu o 0|| hun d | ||
| 040 | |a SZTE Délmagyarország Archívum |b hun | ||
| 041 | |a hun | ||
| 100 | 2 | |a Szegedi Lukács Imre | |
| 245 | 1 | 0 | |a Munkaterv egy esztendőre |h [elektronikus dokumentum] : |b Célok a Felszabadulás Tsz.-ben / |c Szegedi Lukács Imre |
| 260 | |c 1973-03-07 | ||
| 300 | |a 4 | ||
| 490 | 0 | |a Délmagyarország |v 63 No. 55 | |
| 695 | |a Felszabadulás Tsz., Mezőgazdasági termelés Szeged és környéke 1973 | ||